000 00843cab a2200277 4500
001 ABS51708
008 090401t1994 xxu||||| |||| 00| 0 eng d
035 _a(Sirsi) u40989
041 _aeng
245 _aEstates Times survey: investment and development
260 _c1994
350 _a0
490 _aEstates Times
_v(1259) 25 November 1994, 25-32(6)
520 _aA review of investment markets and prospects for the next few months.
650 _aFORECASTS
650 _aINDUSTRIAL DEVELOPMENT
650 _aINDUSTRIAL INVESTMENT
650 _aINVESTMENT MARKET
650 _aJOHN LAING DEVELOPMENTS
650 _aM3 CORRIDOR
650 _aPROPERTY INVESTMENT
650 _aRETAIL INVESTMENT
690 _aPROPERTY-COMMERCIAL PROPERTY-COMMERCIAL PROPERTY FINANCE AND INVESTMENT
942 _n0
948 _c04/03/1997
999 _c26300
_d26300